| 000 -LEADER |
| fixed length control field |
00403cam a22001097a 4500 |
| 008 - FIXED-LENGTH DATA ELEMENTS--GENERAL INFORMATION |
| fixed length control field |
180718b1968 xxu||||| |||| 00| 0 eng d |
| 082 ## - DEWEY DECIMAL CLASSIFICATION NUMBER |
| Classification number |
P54x5442 M278 |
| 100 ## - MAIN ENTRY--PERSONAL NAME |
| Personal name |
Maharashtra. Advisory Committee for Establishment of Agricultural University |
| 245 ## - TITLE STATEMENT |
| Title |
Report of the Advisory Committee for Establishment of Agricultural University in Maharashtra |
| 260 ## - PUBLICATION, DISTRIBUTION, ETC. |
| Place of publication, distribution, etc. |
Bombay |
| Name of publisher, distributor, etc. |
The author |
| Date of publication, distribution, etc. |
1968 |
| 300 ## - PHYSICAL DESCRIPTION |
| Extent |
90p. |